zpět

Detail výsledku týmu

Be Friendly, Praha

Datum a čas kvízu

34 Celkem bodů Celkový počet nahraných bodů na tomto kvízu bez doplňovacích otázek.
5. Pořadí na kvízu Konečné umístění týmu na tomto kvízu.

Zaznamenané odpovědi

# Otázka Odpověď Body Výsledky
1. „S teroristy se nevyjednává, s... tygra stane vegetarián 0
2. Dvaaosmdesátiletý prezident Ab... Alžírsko 0
3. Stejně jako je _____ _____ cen... Skleněný pokoj 1
4. Od 11. do 17. března proběhl n... Týden mozku 1
5. V minulých dnech bylo oznámeno... do Saúdské Arábie 0
1. Toto téma jste vybrali prostře... DEA 0
2. Hlavní postava seriálu Ve jmén... Írán 1
3. Jak se nazývá velké anglické m... Birmingham 0
4. Herečku Robin Wrightovou, jedn... Forrest Gump 0
5. Ve filmech jako Tmavomodrý svě... David Novotný 0